00559nam a2200157 a 450000100100000000500170001000800410002704000250006808200150009310000340010824500600014226000490020230000200025195201130027199900170038400003466520200930073828.0111013s1975 dr 000 0 spa d aDO-SdBNPbspacBNPHU axxxbS211r1 aSánchez, Laudiseo A.92410610aRamilletes del pensil florido /cLaudiseo A. Sánchez. aSanto Domingo :bCultural Dominicana,c1975. a65 p. ;c19 cm. 0010718PDaPDbPDcCTd2011-10-13iLF1l0oxxx S211rp34665-10r2020-06-25w2020-06-25yLFPDZNo se presta c34156d34156